000 00605pam a2200205 a 4500
020 _a0443100349
_c731.85
041 _aeng
_hNULL
082 _a612.015
_bCAM/SMI
100 _aCAMPBELL, P.N.,SMITH A.D..PETERS T.J. .
245 _aBIOCHEMISTRY ILLUSTRATED : BIOCHEMISTRY & MOLECULAR BIOLOGY IN THE POST-GENOMICERA /
_cNULL.
_hTextual Documents
250 _a5 ED /
_b.
260 _aNULL :
_bCHURCHILL LIV ,
_c2006.
300 _a242 : :
_bXVII ; ;
_cA4 . +
_ePB.
365 _a731.85
_e1
700 _a.
907 _a5639
930 _a2276
999 _c796812
_d796812
650 _aBIOCHEMISTRY